书目信息 |
| 题名: |
艾森豪威尔
|
|
| 作者: | 张玲玲 著 | |
| 分册: | ||
| 出版信息: | 北京 中国华侨出版社 2015 |
|
| 页数: | 294页 | |
| 开本: | 24cm | |
| 丛书名: | 二战风云人物 | |
| 单 册: | ||
| 中图分类: | K837.125.2=533 , K837.127=533 , K837.125 | |
| 科图分类: | ||
| 主题词: | ||
| 电子资源: | ||
| ISBN: | 978-7-5113-5206-4 | |
| 000 | 00908nam2 2200265 450 | |
| 001 | 2353695194 | |
| 005 | 20231128231219.88 | |
| 010 | @a978-7-5113-5206-4@dCNY68.00 | |
| 100 | @a20150712d2015 em y0chiy50 ea | |
| 101 | 0 | @achi |
| 102 | @aCN@b110000 | |
| 105 | @aa z 000yb | |
| 200 | 1 | @a艾森豪威尔@Aai sen hao wei er@f张玲玲著 |
| 210 | @a北京@c中国华侨出版社@d2015 | |
| 215 | @a294页@c照片@d24cm | |
| 225 | 2 | @a二战风云人物 |
| 330 | @a本书从宏大的历史战争画卷入手,就艾森豪威尔的人物性格、军事指挥艺术以及世界潮流发展进行深入分析与阐释,将其在第二次世界大战中的战争经历和所建立的丰功伟绩一一呈现。 | |
| 410 | 0 | @12001 @a二战风云人物 |
| 600 | 1 | @a艾森豪威尔@gEisenhower, Dwight David@f1890-1969@x传记 |
| 690 | @aK837.125.2=533@v5 | |
| 690 | @aK837.127=533@v5 | |
| 690 | @aK837.125@v4 | |
| 701 | 0 | @a张玲玲@Azhang ling ling@4著 |
| 801 | 0 | @aCN@b91MARC@c20150712 |
| 905 | @aZUCC@dK837.125@e43 | |
| 艾森豪威尔/张玲玲著.-北京:中国华侨出版社,2015 |
| 294页:照片;24cm.-(二战风云人物) |
| ISBN 978-7-5113-5206-4:CNY68.00 |
| 本书从宏大的历史战争画卷入手,就艾森豪威尔的人物性格、军事指挥艺术以及世界潮流发展进行深入分析与阐释,将其在第二次世界大战中的战争经历和所建立的丰功伟绩一一呈现。 |
| ● |
| 相关链接 |
|
|
|
正题名:艾森豪威尔
索取号:K837.125/43
 
预约/预借
| 序号 | 登录号 | 条形码 | 馆藏地/架位号 | 状态 | 备注 |
| 1 | 2001005658 | 2001005658 | 第四书库/四30架B面1层4列/ [索取号:K837.125/43] | 在馆 | |
| 2 | 2001005659 | 2001005659 | 第四书库/四30架B面1层4列/ [索取号:K837.125/43] | 在馆 | |
| 3 | 2001005660 | 2001005660 | 第四书库/四30架B面1层4列/ [索取号:K837.125/43] | 在馆 | |
| 4 | 2001005661 | 2001005661 | 培训中心一楼图书角/四30架B面1层4列/ [索取号:K837.125/43] | 在馆 | |
| 5 | 2001005662 | 2001005662 | 培训中心一楼图书角/四30架B面1层4列/ [索取号:K837.125/43] | 在馆 | |
| 6 | 2001005663 | 2001005663 | 培训中心一楼图书角/四30架B面1层4列/ [索取号:K837.125/43] | 在馆 |